<?xml version="1.0" encoding="UTF-8"?>
<record
    xmlns:xsi="http://www.w3.org/2001/XMLSchema-instance"
    xsi:schemaLocation="http://www.loc.gov/MARC21/slim http://www.loc.gov/standards/marcxml/schema/MARC21slim.xsd"
    xmlns="http://www.loc.gov/MARC21/slim">

  <leader>00544nam a22001697a 4500</leader>
  <datafield tag="010" ind1=" " ind2=" ">
    <subfield code="a">ENG-120508</subfield>
  </datafield>
  <datafield tag="020" ind1=" " ind2=" ">
    <subfield code="a">9788179662595</subfield>
    <subfield code="c">280.00</subfield>
  </datafield>
  <datafield tag="035" ind1=" " ind2=" ">
    <subfield code="a">EN-104040</subfield>
  </datafield>
  <datafield tag="037" ind1=" " ind2=" ">
    <subfield code="b">DBAD/PUB</subfield>
  </datafield>
  <datafield tag="082" ind1=" " ind2=" ">
    <subfield code="a">155.9042</subfield>
  </datafield>
  <datafield tag="100" ind1=" " ind2=" ">
    <subfield code="a">Rishi</subfield>
  </datafield>
  <datafield tag="245" ind1=" " ind2=" ">
    <subfield code="a">Stress and its management :</subfield>
    <subfield code="c">by Rishi</subfield>
    <subfield code="b">path breaking technique of mind control /</subfield>
  </datafield>
  <datafield tag="260" ind1=" " ind2=" ">
    <subfield code="a">Chennai</subfield>
    <subfield code="b">Emerald Publishers</subfield>
    <subfield code="c">2017</subfield>
  </datafield>
  <datafield tag="270" ind1=" " ind2=" ">
    <subfield code="a">15A, First Floor, Casa Major Road, Egmore,</subfield>
    <subfield code="b">Chennai</subfield>
    <subfield code="e">600008</subfield>
  </datafield>
  <datafield tag="300" ind1=" " ind2=" ">
    <subfield code="a">142p. :</subfield>
    <subfield code="c">21cm(Hb).</subfield>
    <subfield code="b">ill.</subfield>
  </datafield>
  <datafield tag="942" ind1=" " ind2=" ">
    <subfield code="2">ddc</subfield>
    <subfield code="c">EN</subfield>
    <subfield code="h">155.9042</subfield>
    <subfield code="m">RIS</subfield>
  </datafield>
  <datafield tag="999" ind1=" " ind2=" ">
    <subfield code="c">144159</subfield>
    <subfield code="d">144159</subfield>
  </datafield>
  <datafield tag="952" ind1=" " ind2=" ">
    <subfield code="0">0</subfield>
    <subfield code="1">0</subfield>
    <subfield code="4">0</subfield>
    <subfield code="7">0</subfield>
    <subfield code="8">NFIC</subfield>
    <subfield code="a">AV</subfield>
    <subfield code="b">AV</subfield>
    <subfield code="d">2017-09-07</subfield>
    <subfield code="e">DBAD/PUB</subfield>
    <subfield code="g">280.00</subfield>
    <subfield code="l">2</subfield>
    <subfield code="m">1</subfield>
    <subfield code="o">155.9042 RIS</subfield>
    <subfield code="p">EN-104040</subfield>
    <subfield code="r">2024-12-17 00:00:00</subfield>
    <subfield code="s">2024-06-03</subfield>
    <subfield code="t">1</subfield>
    <subfield code="v">280.00</subfield>
    <subfield code="y">EN</subfield>
  </datafield>
</record>
